Culture Générale - Série 1344 - Statistiques

Statistiques générales
  • Ce quiz a été pris 87 fois
  • Le résultat moyen est 5 sur 10
Statistiques - réponses
Question Réponse % Correct
Dans quel pays a eu lieu la bataille de Solferino, le 24 juin 1859 ? Italie
81%
Quel terme, tiré du russe, désigne la tente en feutre des nomades turcs et mongols d'Asie centrale ? yourte
81%
A quel pays appartient l'île de Sakhaline ? Russie
65%
Quel est le compagnon, ancien footballeur champion du monde en 1998, de Claire Lefebvre,et ce depuis 2006 ? Bixente Lizarazu
54%
C'est une herbe aromatique, un reptile, un animal légendaire . L'homonyme de ce mot est un édifice religieux. basilic
48%
Quel journaliste et romancier français, prénommé Gaston, est l'auteur du “Fantôme de l'Opéra” ? Gaston Leroux
46%
Sous quel nom de scène connait-on mieux l'actrice et chanteuse française Claire Lefebvre ? Claire Keim
39%
Quel homme politique est ministre de l'Éducation nationale, de 1997 à 2000 ? Claude Allègre
27%
Quel fruit jaune originaire d'Asie, au goût acidulé, a la forme d'une étoile à cinq branches une fois tranché transversalement ? carambole
22%
Quelle reine, victime d'une passion fatale pour son beau-fils, a été mise en scène par Euripide, Sénèque et Racine ? Phèdre
22%
Aucun quiz correspondant
Distribution des résultats
% des personnes avec chaque résultat
Percentile par nombre de réponses
Votre historique - résultats
Vous n’avez pas pris ce quiz